<?xml version="1.0" encoding="UTF-8"?><?xml-stylesheet type="text/xsl" href="static/style.xsl"?><OAI-PMH xmlns="http://www.openarchives.org/OAI/2.0/" xmlns:xsi="http://www.w3.org/2001/XMLSchema-instance" xsi:schemaLocation="http://www.openarchives.org/OAI/2.0/ http://www.openarchives.org/OAI/2.0/OAI-PMH.xsd"><responseDate>2026-04-13T13:44:39Z</responseDate><request verb="GetRecord" identifier="oai:www.recercat.cat:2117/105944" metadataPrefix="marc">https://recercat.cat/oai/request</request><GetRecord><record><header><identifier>oai:recercat.cat:2117/105944</identifier><datestamp>2025-07-22T19:44:36Z</datestamp><setSpec>com_2072_1033</setSpec><setSpec>col_2072_452951</setSpec></header><metadata><record xmlns="http://www.loc.gov/MARC21/slim" xmlns:dcterms="http://purl.org/dc/terms/" xmlns:xsi="http://www.w3.org/2001/XMLSchema-instance" xmlns:doc="http://www.lyncode.com/xoai" xsi:schemaLocation="http://www.loc.gov/MARC21/slim http://www.loc.gov/standards/marcxml/schema/MARC21slim.xsd">
   <leader>00925njm 22002777a 4500</leader>
   <datafield ind2=" " ind1=" " tag="042">
      <subfield code="a">dc</subfield>
   </datafield>
   <datafield ind2=" " ind1=" " tag="720">
      <subfield code="a">Casadesús Farràs, Oriol</subfield>
      <subfield code="e">author</subfield>
   </datafield>
   <datafield ind2=" " ind1=" " tag="720">
      <subfield code="a">Madueño Guerrero, Manel</subfield>
      <subfield code="e">author</subfield>
   </datafield>
   <datafield ind2=" " ind1=" " tag="260">
      <subfield code="c">2016-06-08</subfield>
   </datafield>
   <datafield ind2=" " ind1=" " tag="520">
      <subfield code="a">El bruñido con bola es un proceso que presenta una serie de ventajas en el&#xd;
campo de las operaciones de acabado, ya que mejora diferentes&#xd;
propiedades de los materiales en una única operación. En este trabajo se&#xd;
exploran las posibilidades de este proceso a partir del rediseño de los&#xd;
cabezales de una herramienta existente para que sea posible trabajar con&#xd;
bolas de distintas dimensiones. Además, se adapta la herramienta al torno&#xd;
para poder trabajar sobre superficies de revolución.&#xd;
Una vez comprobado el buen funcionamiento de las modificaciones se&#xd;
realizan distintos experimentos sobre probetas cilíndricas pre-establecidas&#xd;
para ver como el bruñido con bola puede mejorar la rugosidad superficial, la&#xd;
dureza y la vida a fatiga, variando los parámetros que tienen influencia&#xd;
sobre la operación de bruñido.&#xd;
Como punto final, a partir de los diferentes experimentos se realiza un&#xd;
análisis estadístico que permite estudiar todas las combinaciones posibles&#xd;
de factores, con el objetivo de determinar la influencia de los distintos&#xd;
parámetros de operación sobre el resultado final y ver cómo interactúan&#xd;
entre ellos. De esta forma se pueden establecer una serie de parámetros óptimos que son los recomendados para el correcto funcionamiento de la&#xd;
herramienta y para la obtención de los mejores resultados posibles.</subfield>
   </datafield>
   <datafield tag="653" ind2=" " ind1=" ">
      <subfield code="a">Àrees temàtiques de la UPC::Enginyeria mecànica</subfield>
   </datafield>
   <datafield tag="653" ind2=" " ind1=" ">
      <subfield code="a">Machinery -- Design and construction</subfield>
   </datafield>
   <datafield tag="653" ind2=" " ind1=" ">
      <subfield code="a">Elements de màquines -- Disseny</subfield>
   </datafield>
   <datafield ind2="0" ind1="0" tag="245">
      <subfield code="a">Rediseño y puesta a punto de una herramienta de bruñido con bola para torno</subfield>
   </datafield>
</record></metadata></record></GetRecord></OAI-PMH>